=LDR 00000nam 2200000 4500 =001 INLIS000000000021565 =005 20130612120420 =008 ***********************************Ind** =035 ##$$0010-061300000021565 =041 ##$$a Ind =082 ##$$a 810.9 =090 ##$$a 810.9, Kra s =100 ##$$a Kratz, E. Ulrich =245 ##$$a Sumber terpilih sejarah sastra indonesia abad XX, E. Uldich Kratz =260 ##$$a 2000 $b Jakarta =300 ##$$a xxxix, 979 hlm, 21 cm =650 ##$$a Kesusastraan Indonesia-Sejarah =850 ##$$a NBPNMAT